[Event "Wroclaw Anderssen Memorial op-C"]
[Site "Wroclaw"]
[Date "2023.??.??"]
[Round "7"]
[White "Haluja, Igor"]
[Black "Mencfel, Artur"]
[Result "0-1"]
[WhiteElo "1081"]
[BlackElo "1597"]
[PlyCount "128"]
[EventDate "2023.08.06"]
[EventType "swiss"]
[EventRounds "9"]
[EventCountry "POL"]
[SourceTitle "EXT 2024"]
[Source "ChessBase"]
[SourceDate "2023.10.10"]
[SourceVersion "1"]
[SourceVersionDate "2023.10.10"]
[SourceQuality "1"]

1. e4 e5 2. Nf3 Nc6 3. d4 exd4 4. Nxd4 Bc5 5. Be3 Qf6 6. c3 Nge7 7. Bb5 0-0 8. 0-0 Nd8 9. Bd3 d5 10. Qh5 Qg6 11. Qxg6 hxg6 12. Nc6 Ndxc6 13. Bxc5 dxe4 14. Bxe4 Re8 15. Na3 a6 16. h3 Be6 17. b3 Rab8 18. f4 b6 19. Bf2 Na5 20. c4 Nb7 21. Bxb7 Rxb7 22. g4 c5 23. Nc2 Rd8 24. Rad1 Rbd7 25. Rxd7 Rxd7 26. Be3 Nc6 27. Kf2 f5 28. Rg1 Kf7 29. Ne1 Nd4 30. Nf3 Nxf3 31. Kxf3 Rd8 32. Kf2 Rh8 33. Kg3 Re8 34. Kf2 Bd7 35. Rd1 Ke6 36. gxf5+ gxf5 37. Rg1 Kf7 38. Rd1 Bc6 39. Rd6 Re6 40. Rd8 Be4 41. Rd7+ Kg6 42. a3 a5 43. Rd2 Kh5 44. Kg3 Bc2 45. Kf2 Bxb3 46. Rd5 Kg6 47. Bxc5 bxc5 48. Rxc5 a4 49. Rc8 Re4 50. c5 Rxf4+ 51. Kg3 Rc4 52. c6 f4+ 53. Kf2 Bc2 54. c7 Bf5 55. Ra8 Bxh3 56. Kf3 Kf6 57. Ra7 g5 58. Kf2 Be6 59. Kg2 g4 60. Kf2 g3+ 61. Kf1 f3 62. Ke1 f2+ 63. Ke2 Bg4+ 64. Kd2 f1Q 0-1